|
|
|
|
| LEADER |
01409nam a2200349 a 4500 |
| 001 |
EBC3012404 |
| 003 |
MiAaPQ |
| 005 |
20200520144314.0 |
| 006 |
m o d | |
| 007 |
cr cn||||||||| |
| 008 |
111213s2008 sz ad sb 000 0 eng d |
| 020 |
|
|
|z 9789221214991
|
| 020 |
|
|
|a 9789221215011 (electronic bk.)
|
| 035 |
|
|
|a (MiAaPQ)EBC3012404
|
| 035 |
|
|
|a (Au-PeEL)EBL3012404
|
| 035 |
|
|
|a (CaPaEBR)ebr10512092
|
| 035 |
|
|
|a (OCoLC)923638179
|
| 040 |
|
|
|a MiAaPQ
|c MiAaPQ
|d MiAaPQ
|
| 050 |
|
4 |
|a HD4909
|b .G56 2008
|
| 245 |
0 |
0 |
|a Global wage report 2008/09
|h [electronic resource] :
|b minimum wages and collective bargaining : towards policy coherence.
|
| 260 |
|
|
|a Geneva :
|b International Labour Office,
|c 2008.
|
| 300 |
|
|
|a xiv, 106 p. :
|b ill. (some col.)
|
| 504 |
|
|
|a Includes bibliographical references.
|
| 505 |
0 |
|
|a pt. 1. Major trends in wages, 1995-2007 -- pt. 2. Minimum wages and collective bargaining -- pt. 3. Summary and conclusions.
|
| 533 |
|
|
|a Electronic reproduction. Ann Arbor, MI : ProQuest, 2015. Available via World Wide Web. Access may be limited to ProQuest affiliated libraries.
|
| 650 |
|
0 |
|a Wages.
|
| 650 |
|
0 |
|a Minimum wage.
|
| 650 |
|
0 |
|a Collective bargaining.
|
| 655 |
|
4 |
|a Electronic books.
|
| 710 |
2 |
|
|a International Labour Office.
|
| 710 |
2 |
|
|a ProQuest (Firm)
|
| 856 |
4 |
0 |
|u https://ebookcentral.proquest.com/lib/matrademy/detail.action?docID=3012404
|z Click to View
|